Attori e Attrici di Hollywood II - Statistics

Statistiche generali
  • Questo quiz è stato fatto 134 volte
  • Il punteggio medio è 7 su 16
Statistiche sulle risposte
con Immagini Risposta % Corretto
Nicole Kidman
79%
Samuel L. Jackson
71%
Timotee Chalamet
70%
Andrew Garfield
64%
Keira Knightley
61%
Javier Bardem
53%
Benicio Del Toro
52%
Marlon Brando
51%
Michael Keaton
44%
Casey Affleck
35%
Florence Pugh
31%
Kathy Bates
23%
Toni Collette
18%
Christopher Plummer
13%
Sissy Spacek
7%
Lucas Hedges
4%
Nessun quiz corrispondente trovato
Distribuzione punteggi
Percentuale di utenti per punteggio
Percentile per numero di risposta
I tuoi punteggi nel tempo
Non hai fatto questo quiz